000 00725nam a2200289Ia 4500
005 20260324130822.0
008 008 260324s9999 xx 000 0 eng d
020 _a9781315588308
037 _aEBOOK
040 _aCRL
040 _beng
040 _cCRL
041 _2eng
041 _aeng
084 _qCRL
100 _aChakravarthi Ram-Prasad
_91183202
245 0 _aIndian Philosophy and the Consequences of Knowledge
245 0 _bThemes in Ethics, Metaphysics and Soteriology
260 _bTaylor and Francis
260 _c2007
365 _a
365 _b240
856 _uhttp://www.taylorfrancis.com/books/9781315588308
942 _cEBOOK
999 _c1779736
_d1779736